书目信息 |
| 题名: |
协同学
|
|
| 作者: | 哈肯 著 ;凌复华 译 | |
| 分册: | ||
| 出版信息: | 上海 上海译文出版社 2005.05 |
|
| 页数: | 212页, [1] 叶图版 | |
| 开本: | 23cm | |
| 丛书名: | 世纪人文系列丛书 | |
| 单 册: | ||
| 中图分类: | O415.2 | |
| 科图分类: | ||
| 主题词: | 协同学--xie tong xue | |
| 电子资源: | ||
| ISBN: | 7-5327-3637-7 | |
| 000 | 01249nam 2200313 450 | |
| 001 | 012007419577 | |
| 005 | 20071011103901.10 | |
| 010 | @a7-5327-3637-7@dCNY29.00 | |
| 100 | @a20070814d2005 km y0chiy0120 ea | |
| 101 | 1 | @achi@cger |
| 102 | @aCN@b310000 | |
| 105 | @aacf a 000yy | |
| 200 | 1 | @a协同学@Axie tong xue@e大自然构成的奥秘@f(德) 赫尔曼·哈肯著@F(de)he er man·ha ken zhu@g凌复华译@Gling fu hua yi |
| 210 | @a上海@c上海译文出版社@d2005.05 | |
| 215 | @a212页, [1] 叶图版@c图, 肖像@d23cm | |
| 225 | 2 | @a世纪人文系列丛书@Ashi ji ren wen xi lie cong shu@i世纪文库 |
| 305 | @a据斯图加特德意志出版社1986年德文第4版译出。 | |
| 312 | @a德语并列题名取自书末页。 | |
| 320 | @a有书目 (第197-212页)。 | |
| 330 | @a本书主要介绍了协同学的主要内容,主要包括无序有赠无已?世界的热寂、晶体-有序但无生命的结构、流体模式、云图和地质构造、“要有光”-激光等内容。 | |
| 410 | 0 | @12001 @a世纪人文系列丛书@i世纪文库 |
| 500 | 10 | @aErfolgsgeheimnisse der natur synergetik@mChinese |
| 517 | 1 | @a大自然构成的奥秘@Ada zi ran gou cheng de ao mi |
| 606 | 0 | @a协同学@Axie tong xue |
| 690 | @aO415.2@v4 | |
| 701 | 1 | @a哈肯@Aha ken@g(Haken, H.),@f1927- @4著 |
| 702 | 0 | @a凌复华@Aling fu hua@4译 |
| 801 | 0 | @aCN@c20071011 |
| 905 | @dO415.2@eH024 | |
| 协同学:大自然构成的奥秘/(德) 赫尔曼·哈肯著/凌复华译.-上海:上海译文出版社,2005.05 |
| 212页, [1] 叶图版:图, 肖像;23cm.-(世纪人文系列丛书.世纪文库) |
| ISBN 7-5327-3637-7:CNY29.00 |
| 本书主要介绍了协同学的主要内容,主要包括无序有赠无已?世界的热寂、晶体-有序但无生命的结构、流体模式、云图和地质构造、“要有光”-激光等内容。 |
| ● |
| 相关链接 |
|
|
|
正题名:协同学
索取号:O415.2/H024
 
预约/预借
| 序号 | 登录号 | 条形码 | 馆藏地/架位号 | 状态 | 备注 |
| 1 | 252496 | 202524964 | 自科库401/401自科库 87排2列4层/ [索取号:O415.2/H024] | 在馆 | |
| 2 | 252497 | 202524973 | 自科库401/401自科库 87排2列4层/ [索取号:O415.2/H024] | 在馆 |